000 00801nam0a22002651 4500
001 v19\rc\1995856
005 20251118181241.4
035 _a(NLR Aleph) 005072054
090 _a7106111
_c7106111
100 _a20080811d1914 u y0rusy50 ca
101 0 _arus
102 _aRU
_aDE
105 _ay b |||||
200 1 _aДетская музыка в издании П. Юргенсона
_e[Каталог]
210 _aМосква
_aЛейпциг
_d[1914]
_eМосква
215 _a38 с.
_d23
710 0 2 _aЮргенсон, П.И., муз. изд-во
_cМосква
801 0 _aRU
_bNLR
_gpsbo
801 0 _aRU
_bRuMoRGB
_2psbo
801 1 _aRU
_bProSoft-M
_2rusmarc
852 _aNLR
_j37.54.5.464
899 _aRuMoRGB
_jM 155/721
899 _aRuMoRGB
_jM 135/694
942 _cBOOK
980 _aNB